000 00388cam a22001097a 4500
008 180718b1983 xxu||||| |||| 00| 0 eng d
082 _aYA6053 Ab87 (R)
245 _aAbridged glossary of technical terms for use in forest colleges
260 _aDehradun
_bForest Research Institute and Colleges
_c1983
300 _a226p.
650 _aTechnology - Terminology - Glossaries, vocabularies, etc.
999 _c400336
_d400336